Теоретические основы электротехники. Основы теории электромагнитного поля (Запись № 13457772)

Подробности
000 -МАРКЕР
контрольное поле 02244nam0a2200373 4500
001 - ИДЕНТИФИКАТОР ЗАПИСИ
контрольное поле RU\NLR\BIBL_A\022107521
005 - ИДЕНТИФИКАТОР ВЕРСИИ
контрольное поле 20260405161248.0
010 ## - МЕЖДУНАРОДНЫЙ СТАНДАРТНЫЙ НОМЕР КНИГИ (ISBN)
Номер (ISBN) 978-5-94178-615-2
Тираж 1000
035 ## - ДРУГИЕ СИСТЕМНЫЕ НОМЕРА
Идентификатор записи (NLR Aleph) 022107521
100 ## - ДАННЫЕ ОБЩЕЙ ОБРАБОТКИ
Данные общей обработки 20240115d2022 u y0rusy50 ca
101 0# - ЯЗЫК РЕСУРСА
Язык текста, звукозаписи и т.д. русский
102 ## - СТРАНА ПУБЛИКАЦИИ ИЛИ ПРОИЗВОДСТВА
Страна публикации Российская Федерация
105 ## - ПОЛЕ КОДИРОВАННЫХ ДАННЫХ: ТЕКСТОВЫЕ МАТЕРИАЛЫ, МОНОГРАФИЧЕСКИЕ
Кодированные данные о монографическом текстовом документе a j 000yy
181 #0 - ПОЛЕ КОДИРОВАННЫХ ДАННЫХ: ВИД СОДЕРЖАНИЯ
Код вида содержания (ISBD) i
Код характеристики содержания (ISBD) axxe
182 #0 - ПОЛЕ КОДИРОВАННЫХ ДАННЫХ: ТИП СРЕДСТВА
Код типа средства (ISBD) n - непосредственное
200 1# - ЗАГЛАВИЕ И СВЕДЕНИЯ ОБ ОТВЕТСТВЕННОСТИ
Основное заглавие Теоретические основы электротехники. Основы теории электромагнитного поля
Сведения, относящиеся к заглавию учебное пособие для использования в учебном процессе образовательных организаций, реализующих программы СПО
Первые сведения об ответственности Боев С. Г., Давыдова С. В., Грунёва А. А. [и др.]
Последующие сведения об ответственности под общей редакцией кандидата технических наук, доцента С. А. Сергеева
203 ## - ВИД СОДЕРЖАНИЯ И ТИП СРЕДСТВА
Вид содержания Текст
Дополнительные сведения об издании визуальный
Тип средства непосредственный
210 ## - ПУБЛИКАЦИЯ, РАСПРОСТРАНЕНИЕ И ДР.
Место издания, распространения и т.д. Старый Оскол
Имя издателя, распространителя и т. д. ТНТ
Дата издания, распространения и т.д. 2022 [печ. 2021]
215 ## - ФИЗИЧЕСКАЯ ХАРАКТЕРИСТИКА
Специфическое обозначение материала и объем 207 с.
Другие сведения о физической характеристике ил.
Размеры 21
300 ## - ОБЩИЕ ПРИМЕЧАНИЯ
Текст примечания Авт. указаны на обороте тит. с.
320 ## - ПРИМЕЧАНИЯ О НАЛИЧИИ В ДОКУМЕНТЕ БИБЛИОГРАФИИ / УКАЗАТЕЛЯ
Текст примечания Библиогр.: с. 207 (9 назв.)
517 1# - ДРУГИЕ ВАРИАНТЫ ЗАГЛАВИЯ
Вариант заглавия Основы теории электромагнитного поля
606 1# - НАИМЕНОВАНИЕ ТЕМЫ КАК ПРЕДМЕТ
Наименование темы Электромагнитное поле
Формальный подзаголовок Учебные издания для среднего профессионального образования
Тематический подзаголовок Теория
Системный номер авторитетной/нормативной записи 1981061
Идентификатор авторитетной/нормативной записи RU\NLR\AUTH\661194829
686 1# - ИНДЕКСЫ ДРУГИХ КЛАССИФИКАЦИЙ
Индекс В33я723-1
686 1# - ИНДЕКСЫ ДРУГИХ КЛАССИФИКАЦИЙ
Индекс В313я723-1
701 #1 - ИМЯ ЛИЦА - АЛЬТЕРНАТИВНАЯ ОТВЕТСТВЕННОСТЬ
Начальный элемент ввода Боев
Часть имени, кроме начального элемента ввода С. Г.
Расширение инициалов личного имени Сергей Григорьевич
701 #1 - ИМЯ ЛИЦА - АЛЬТЕРНАТИВНАЯ ОТВЕТСТВЕННОСТЬ
Начальный элемент ввода Давыдова
Часть имени, кроме начального элемента ввода С. В.
Дополнения к именам, кроме дат преподаватель информатики
Расширение инициалов личного имени Светлана Владимировна
Идентификатор авторитетной/нормативной записи RU\NLR\AUTH\770274593
701 #1 - ИМЯ ЛИЦА - АЛЬТЕРНАТИВНАЯ ОТВЕТСТВЕННОСТЬ
Начальный элемент ввода Грунёва
Часть имени, кроме начального элемента ввода А. А.
Расширение инициалов личного имени Анна Александровна
702 #1 - ИМЯ ЛИЦА - ВТОРИЧНАЯ ОТВЕТСТВЕННОСТЬ
Код отношения Редактор
Материалы, к которым относится поле rus
Графика поля Кириллица
Начальный элемент ввода Сергеев
Часть имени, кроме начального элемента ввода С. А.
Дополнения к именам, кроме дат канд. техн. наук, автоматизация
Расширение инициалов личного имени Сергей Александрович
Идентификатор авторитетной/нормативной записи RU\NLR\AUTH\7767774
Системный номер авторитетной/нормативной записи 50702
942 ## - ДОПОЛНИТЕЛЬНЫЕ ЭЛЕМЕНТЫ ЗАПИСИ (АБИС)
Тип экземпляра АБИС Книга
980 ## - КОЛЛЕКЦИЯ
Название коллекции Национальная библиография

Нет доступных экземпляров.